jealousy, jealousy - Olivia Rodrigo (All Lyrics) - Statistics

General Stats
  • This quiz has been taken 34 times
  • The average score is 257 of 297
Answer Stats
Lyrics % Correct
I
100%
to
100%
wanna
100%
win
100%
a
96%
all
96%
All
96%
and
96%
And
96%
be
96%
be,
96%
don't
96%
go
96%
is
96%
jealousy,
96%
jealousy
96%
Jealousy,
96%
know
96%
me
96%
see
96%
so
96%
the
96%
then
96%
too
96%
But
92%
but
92%
Com-
92%
I'm
92%
kids
92%
killin'
92%
much
92%
my
92%
My
92%
myself
92%
sick
92%
slowly
92%
think
92%
who
92%
Anyone,
88%
anyone
88%
are
88%
car,
88%
comparison
88%
else
88%
it
88%
it,
88%
not
88%
of
88%
rather
88%
Rather
88%
With
88%
'Bout
83%
can't
83%
'Cause
83%
good
83%
happy
83%
phone
83%
pretty
83%
should
83%
teeth
83%
throw
83%
true
83%
true,
83%
what
83%
white
83%
yeah,
83%
you
83%
across
79%
back
79%
boyfriend,
79%
cool
79%
cool,
79%
even
79%
face,
79%
followin'
79%
girls
79%
lack
79%
let
79%
on
79%
room
79%
that
79%
want
79%
weight
79%
bad
75%
bodies
75%
every
75%
in
75%
In
75%
kinda
75%
life
75%
like
75%
livin'
75%
night
75%
Oh
75%
Oh,
75%
out
75%
paper-
75%
perfect
75%
prettier,
75%
started
75%
Started
75%
your
75%
beauty's
71%
care
71%
daddy's
71%
feels
71%
friends
71%
Got
71%
Happier,
71%
I'd
71%
nice
71%
again,
67%
didn't
67%
for
67%
it's
67%
them,
67%
things
67%
you're
67%
gettin'
63%
Just
63%
loss
63%
photos,
63%
their
63%
Their
63%
Wish
63%
everyone
58%
God,
58%
help
58%
vacation
58%
crazy
54%
losin'
54%
stand
54%
vintage
54%
caught
50%
clothes
50%
sound
50%
up
50%
get's
33%
No matching quizzes found
Score Distribution
Percent of People with Each Score
Percentile by Number Answered
Your Score History
You have not taken this quiz